Schaum's Outline of Theory and Problems of Differential Equations, in SI (Metric) edition

Αποθηκεύτηκε σε:
Λεπτομέρειες βιβλιογραφικής εγγραφής
Κύριος συγγραφέας: Ayres, Frank, 1901-1994
Μορφή: Βιβλίο
Γλώσσα:English
Δημοσίευση: Singapore : McGraw-Hill Book Company, 1972.
Σειρά:Schaum's outline series
Θέματα:
Ετικέτες: Προσθήκη ετικέτας
Δεν υπάρχουν, Καταχωρήστε ετικέτα πρώτοι!

MARC

LEADER 00000cam a2200000 i 4500
001 1/58881
008 941103s1972 us eng d
020 |a 0-07-084396-1 
035 |a 1993  |c ΜΥΡΙΤΖΗΣ  |l 10045985 
040 |a GR-MY-UA  |b gre  |e aacr 
041 0 |a eng 
082 0 |a 515.35  
100 1 |a Ayres, Frank,   |d 1901-1994. 
245 1 0 |a Schaum's Outline of Theory and Problems of Differential Equations, in SI (Metric) edition /   |c Frank Ayres, Jr, SI edition adapted by J. C. Ault.  
260 |a Singapore :   |b McGraw-Hill Book Company,   |c 1972.  
300 |a 295 p. ;   |c 27 cm 
490 1 |a Schaum's outline series 
500 |a Το αντίτυπο 2 είναι έκδοση του 1952. 
500 |a Incluing 1900 fully Solved Problems and index 
650 0 0 |a Differential equations  |x Problems, exercises, etc. 
830 0 |a Schaum's outline series 
852 |a INST  |b SAMOS  |e 19941103  |h 515.35 AYR  |p 005300002648  |q 005300002648  |t BK  |y 0 
852 |a INST  |b SAMOS  |c MAG  |e 20151007  |h 515.35 AYR  |p 005300042990  |q 005300042990  |t BK  |y 0 
909 |a Σ  |b 032234 
970 |a Σιτζίμη  |b Γιασεμή  |z 07/10/2015